000 00229nam a22000857a 4500
008 160706b xxu||||| |||| 00| 0 eng d
100 _92389
_aBhagat C
245 _aThe 3 Mistakes of my life
260 _aNew Delhi
_bRupa Publication
_c2008
999 _c2067
_d2067